000 01728cam a22005054i 4500
003 PE-LiUPU
005 20250731173257.0
008 150625s r 000 0 d
020 _a0 8297 3368 X
035 _a(Sirsi) i9780829733686
040 _aPE-LiUPU
_bspa
_cPE-LiUPU
_erda
049 _aPRUA
082 0 4 _a268
_bT68
_221
100 1 _aTolbert, La Verne,
_eautor.
245 1 0 _aEnseñemos como Jesús :
_bUna guía práctica para la educación cristiana en su iglesia /
_cLa Verne Tolbert.
264 1 _aMiami, FL. :
_bEditorial Vida,
_c2004.
300 _a267 p :
_bilustraciones, gráficos ;
_c21 centímetros
336 _atext
_2rdacontent
337 _aunmediated
_2rdamedia
338 _avolume
_2rdacarrier
500 _aLista de ilustraciones.
504 _aIncluye bibliografía.
505 0 _aPrincipios de Jesús. Práctica para el ministerio.-Muestras de lecciones.
526 _aSEG42
526 _aSEG41
526 _aSEG40
526 _aSEG39
526 _aP94
526 _aP87
526 _aP86
526 _aP85
526 _aP77
526 _aP76
526 _aP35
600 1 _aJesucristo
_xEnseñanzas
_9933
650 0 4 _aEducación cristiana.
650 0 4 _aEstudios bíblicos (Iglesia Bautista).
910 _bnm
_d20040303
942 _2ddc
_cBOOK
949 _a268 T68
_wDEWEY
_c1
_i53743
_lCCODEBUL1
_mBUL
_p12.00
_r0
_sY
_tBOOK
_u2015-6-25
_xTEOLOGIA
_zUNKNOWN
_0COMPRA
_o.STAFF. Colección General
994 _aC0
_bPEPRU
596 _a1
999 _a268 T68
_wDEWEY
_c43871
_i53743
_f2021-11-10
_g5
_lCCODEBUL1
_mBUL
_p12.00
_r0
_sY
_tBOOK
_u2015-6-25
_xTEOLOGIA
_zUNKNOWN
_0COMPRA
_o.STAFF. Colección General
_d43871
980 _81
_gALBERTO SANCHEZ Responsable de Automatización